000 00732cam a22002053a 4500
001 39867
003 PGUSA
005 20140828083904.0
008 120611s2012||||xxu|||||s|||||000 | eng d
040 _aPGUSA
_beng
042 _adc
100 1 _aStevenson, Edward Luther,
_d1858-1944
245 1 0 _aTerrestrial and Celestial Globes Vol II :
_bTheir History and Construction Including a Consideration of their Value as Aids in the Study of Geography and Astronomy
_h[electronic resource] /
_cEdward Luther Stevenson
260 _bProject Gutenberg,
_c2012
506 _aPublic domain in the USA.
516 _aElectronic text
830 0 _aProject Gutenberg
_v39867
856 4 0 _uhttp://www.gutenberg.org/ebooks/39867
942 _cEB
999 _c269120
_d269120